F1 Season 1974 Race Winners - Statistics

General Stats
  • This quiz has been taken 9 times
  • The average score is 13 of 15
Answer Stats
Grand Prix Country Winner % Correct
Spain Austria Niki Lauda
100%
Netherlands Austria Niki Lauda
100%
South Africa Argentina Carlos Reutemann
88%
Austria Argentina Carlos Reutemann
88%
United States Argentina Carlos Reutemann
88%
West Germany Switzerland Clay Regazzoni
88%
Brazil Brazil Emerson Fittipaldi
88%
Belgium Brazil Emerson Fittipaldi
88%
Canada Brazil Emerson Fittipaldi
88%
Sweden South Africa Jody Scheckter
88%
United Kingdom South Africa Jody Scheckter
88%
Monaco Sweden Ronnie Peterson
88%
France Sweden Ronnie Peterson
88%
Italy Sweden Ronnie Peterson
88%
Argentina New Zealand Denny Hulme
75%
No matching quizzes found
Score Distribution
Percent of People with Each Score
Percentile by Number Answered
Your Score History
You have not taken this quiz